<?xml version="1.0" encoding="UTF-8"?><?xml-stylesheet type="text/xsl" href="static/style.xsl"?><OAI-PMH xmlns="http://www.openarchives.org/OAI/2.0/" xmlns:xsi="http://www.w3.org/2001/XMLSchema-instance" xsi:schemaLocation="http://www.openarchives.org/OAI/2.0/ http://www.openarchives.org/OAI/2.0/OAI-PMH.xsd"><responseDate>2026-04-17T12:49:06Z</responseDate><request verb="GetRecord" identifier="oai:www.recercat.cat:10459.1/465704" metadataPrefix="marc">https://recercat.cat/oai/request</request><GetRecord><record><header><identifier>oai:recercat.cat:10459.1/465704</identifier><datestamp>2025-09-15T18:55:05Z</datestamp><setSpec>com_2072_3622</setSpec><setSpec>col_2072_479130</setSpec></header><metadata><record xmlns="http://www.loc.gov/MARC21/slim" xmlns:dcterms="http://purl.org/dc/terms/" xmlns:xsi="http://www.w3.org/2001/XMLSchema-instance" xmlns:doc="http://www.lyncode.com/xoai" xsi:schemaLocation="http://www.loc.gov/MARC21/slim http://www.loc.gov/standards/marcxml/schema/MARC21slim.xsd">
   <leader>00925njm 22002777a 4500</leader>
   <datafield ind2=" " ind1=" " tag="042">
      <subfield code="a">dc</subfield>
   </datafield>
   <datafield ind2=" " ind1=" " tag="720">
      <subfield code="a">Cuerda Ballester, María</subfield>
      <subfield code="e">author</subfield>
   </datafield>
   <datafield ind2=" " ind1=" " tag="720">
      <subfield code="a">Bustos , Antonio</subfield>
      <subfield code="e">author</subfield>
   </datafield>
   <datafield ind2=" " ind1=" " tag="720">
      <subfield code="a">Sancho-Cantus, David</subfield>
      <subfield code="e">author</subfield>
   </datafield>
   <datafield ind2=" " ind1=" " tag="720">
      <subfield code="a">Martínez Rubio, David</subfield>
      <subfield code="e">author</subfield>
   </datafield>
   <datafield ind2=" " ind1=" " tag="720">
      <subfield code="a">Privado , Jesús</subfield>
      <subfield code="e">author</subfield>
   </datafield>
   <datafield ind2=" " ind1=" " tag="720">
      <subfield code="a">Alarcón-Jiménez, Jorge</subfield>
      <subfield code="e">author</subfield>
   </datafield>
   <datafield ind2=" " ind1=" " tag="720">
      <subfield code="a">Villarón-Casales , Carlos</subfield>
      <subfield code="e">author</subfield>
   </datafield>
   <datafield ind2=" " ind1=" " tag="720">
      <subfield code="a">de Bernardo , Nieves</subfield>
      <subfield code="e">author</subfield>
   </datafield>
   <datafield ind2=" " ind1=" " tag="720">
      <subfield code="a">Navarro Illana, Esther</subfield>
      <subfield code="e">author</subfield>
   </datafield>
   <datafield ind2=" " ind1=" " tag="720">
      <subfield code="a">de la Rubia Ortí,  José Enrique</subfield>
      <subfield code="e">author</subfield>
   </datafield>
   <datafield ind2=" " ind1=" " tag="260">
      <subfield code="c">2024</subfield>
   </datafield>
   <datafield ind2=" " ind1=" " tag="520">
      <subfield code="a">Multiple Sclerosis (MS) is a neurodegenerative disease characterized by motor and non-motor symptoms, including emotional distress, anxiety, and depression. These emotional symptoms currently have a pharmacological treatment with limited effectiveness; therefore, it is necessary to delve into their relationship with other psychological, functional, or prefrontal alterations. Additionally, exploring non-pharmacological therapeutic alternatives that have shown benefits in addressing emotional distress in MS patients is essential. Aim: To establish a predictive model for the presence of anxiety and depression in MS patients, based on variables such as psychological well-being, functional activity, and prefrontal symptoms. Additionally, this study aimed to propose non-pharmacological therapeutic alternatives based on this model. Materials and Methods: A descriptive, observational, and cross-sectional study was conducted with a sample of 64 diagnosed MS patients who underwent functional and cognitive assessments using the following questionnaires and scales: Functional Activities Questionnaire (FAQ), Acceptance and Action Questionnaire (AAQ-II), Experiences Questionnaire (EQ), Self-Compassion Scale Short Form (SCS-SF), Beck Depression Inventory II (BDI-II), State-Trait Anxiety Inventory (STAI), and Prefrontal Symptoms Inventory (PSI). Results: The model showed an excellent fit to the data and indicated that psychological well-being was the most significant predictor of the criteria (β = −0.83), followed by functional activity (β = −0.18) and prefrontal symptoms (β = 0.15). The latter two are negatively related to psychological well-being (β = −0.16 and β = −0.75, respectively). Conclusions: Low psychological well-being is the variable that most significantly predicts the presence of anxiety and depression in MS patients, followed by functional activity and prefrontal alterations. Interventions based on mindfulness and acceptance are recommended, along with nutritional interventions such as antioxidant-enriched ketogenic diets and moderate group physical exercise.</subfield>
   </datafield>
   <datafield tag="653" ind2=" " ind1=" ">
      <subfield code="a">Multiple sclerosis</subfield>
   </datafield>
   <datafield tag="653" ind2=" " ind1=" ">
      <subfield code="a">Anxiety</subfield>
   </datafield>
   <datafield tag="653" ind2=" " ind1=" ">
      <subfield code="a">Depression</subfield>
   </datafield>
   <datafield tag="653" ind2=" " ind1=" ">
      <subfield code="a">Psychological well-being</subfield>
   </datafield>
   <datafield tag="653" ind2=" " ind1=" ">
      <subfield code="a">Functional activity</subfield>
   </datafield>
   <datafield tag="653" ind2=" " ind1=" ">
      <subfield code="a">Prefrontal activity</subfield>
   </datafield>
   <datafield ind2="0" ind1="0" tag="245">
      <subfield code="a">Predictive Model of Anxiety and Depression Perception in Multiple Sclerosis Patients: Possible Implications for Clinical Treatment</subfield>
   </datafield>
</record></metadata></record></GetRecord></OAI-PMH>